Your guidebook to effective & transparent national budget legislation Philippine setting (Record no. 80694)

MARC details
000 -LEADER
fixed length control field 00796nam a22002297a 4500
005 - DATE AND TIME OF LATEST TRANSACTION
control field 20240711233030.0
040 ## - CATALOGING SOURCE
Transcribing agency urs
050 ## - LIBRARY OF CONGRESS CALL NUMBER
Classification number HJ 2167 P75 R36 2007
100 ## - MAIN ENTRY--PERSONAL NAME
Personal name Rañola, Joseph A.
Relator term author
245 ## - TITLE STATEMENT
Title Your guidebook to effective & transparent national budget legislation Philippine setting
Statement of responsibility, etc Joseph A. Rañola, Restituto M. Maglalang, Domingo C. Teope, Atty. Victor O. Tirol Jr.
250 ## - EDITION STATEMENT
Edition statement 2007
260 ## - PUBLICATION, DISTRIBUTION, ETC. (IMPRINT)
Place of publication, distribution, etc Metro Manila
Name of publisher, distributor, etc J.A Rañola Consultancy
Date of publication, distribution, etc 2007
300 ## - PHYSICAL DESCRIPTION
Extent 234 pages
336 ## - CONTENT TYPE
Source rdacontent
Content type term text
Content type code txt
337 ## - MEDIA TYPE
Source rdamedia
Media type term unmediated
Media type code n
338 ## - CARRIER TYPE
Source rdacarrier
Carrier type term volume
Carrier type code nc
650 ## - SUBJECT ADDED ENTRY--TOPICAL TERM
Source of heading or term Budget
Geographic subdivision Philippines
700 ## - ADDED ENTRY--PERSONAL NAME
Personal name Maglalang, Restituto M.
Relator term author
700 ## - ADDED ENTRY--PERSONAL NAME
Personal name Teope, Domingo C.
Relator term author
700 ## - ADDED ENTRY--PERSONAL NAME
Personal name Tirol, Victor Jr. O.
Relator term author
942 ## - ADDED ENTRY ELEMENTS (KOHA)
Source of classification or shelving scheme Library of Congress Classification
Koha item type Books
Holdings
Withdrawn status Lost status Source of classification or shelving scheme Damaged status Not for loan Home library Current library Shelving location Date acquired Total Checkouts Full call number Barcode Date last seen Price effective from Koha item type
    Library of Congress Classification     Binangonan College Library Binangonan College Library Filipiniana Section 07/11/2024   HJ 2167 P75 R36 2007 URSBIN-3913 07/11/2024 07/11/2024 Books

University of Rizal System
Email us at univlibservices@urs.edu.ph

Visit our Website www.urs.edu.ph/library